• 首页
  • 本馆介绍
  • 公告通知
  • 最新文献
  • 馆藏检索
  • 电子资源
  • 读者导购
  • 参考咨询
  • 我的图书馆
  • 登录
  • 详细信息显示
  • 放入我的书架
  • 预约/预借图书
  • 作者相关作品
  • 分类相关作品
  • 丛书相关作品
  • 出版社相关作品

书目信息

  • 表格格式
  • 工作单格式
  • 卡片格式
题名:
酶与酶工程及其应用
    
 
作者: 孙君社 主编
分册:  
出版信息: 北京   化学工业出版社  2006
页数: 296页
开本: 26cm
丛书名:
单 册:
中图分类: Q55
科图分类:
主题词: 酶学 , 酶--生物工程 , 酶 , 生物工程
电子资源:
ISBN: 7-5025-8595-8
000 00876nam0 2200265 450
001 012007312773
005 20070708090418.85
010    @a7-5025-8595-8@dCNY46.00
100    @a20070628d2006 km y0chiy0120 ea
101 0  @achi
102    @aCN@b110000
105    @aa z 000yy
106    @ar
200 1  @a酶与酶工程及其应用@Amei yu mei gong cheng ji qi ying yong@f孙君社主编@Fsun jun she zhu bian
210    @a北京@c化学工业出版社@d2006
215    @a296页@c图@d26cm
330    @a本书阐述酶、酶学及酶工程的一般概念及其发展和应用基本理论与基本技术。具体内容包括:酶学、酶技术、酶的分离纯化、酶的固定化、酶的生产、酶制剂、酶的应用、酶反应器、酶化工、酶的研究方法等。
606 0  @a酶学
606 0  @a酶@x生物工程
606 0  @a酶
606 0  @a生物工程
690    @aQ55@v4
701  0 @a孙君社@Asun jun she@4主编
801  0 @aCN@bRULIN@c20070708
905    @dQ55@e152@s8
    
    酶与酶工程及其应用/孙君社主编.-北京:化学工业出版社,2006
    296页:图;26cm
    
    
    ISBN 7-5025-8595-8:CNY46.00
    本书阐述酶、酶学及酶工程的一般概念及其发展和应用基本理论与基本技术。具体内容包括:酶学、酶技术、酶的分离纯化、酶的固定化、酶的生产、酶制剂、酶的应用、酶反应器、酶化工、酶的研究方法等。
●
相关链接 在E读中查询图书 在五车中查询图书 在当当中查询图书 在豆瓣中查询图书


正题名:酶与酶工程及其应用     索取号:Q55/152         预约/预借

序号 登录号 条形码 馆藏地/架位号 状态 备注
1 0582990   205829905   第二样本阅览室/ [索取号:Q55/152] 在馆    
2 0582991   205829914   第三借阅区/ [索取号:Q55/152] 在馆    
3 0582992   205829923   第三借阅区/ [索取号:Q55/152] 在馆    
4 0582993   205829932   第三借阅区/ [索取号:Q55/152] 在馆    
5 0582994   205829941   第三借阅区/ [索取号:Q55/152] 在馆    
6 0582995   205829950   第三借阅区/ [索取号:Q55/152] 在馆    
7 0582996   205829969   第三借阅区/ [索取号:Q55/152] 在馆    
8 0582997   205829978   第三借阅区/ [索取号:Q55/152] 在馆    
唐山师范学院图书馆 欢迎您!
大连网信软件有限公司© 版权所有